Datum a čas kvízu
22.5
Celkem bodů
Celkový počet nahraných bodů na tomto kvízu bez doplňovacích otázek.
10.
Pořadí na kvízu
Konečné umístění týmu na tomto kvízu.
Zaznamenané odpovědi
| # | Otázka | Odpověď | Body | Výsledky |
|---|---|---|---|---|
| 1. | Jak se jmenuje náměstek pražsk... | Zdeněk Hřib | 1 | |
| 2. | Nebývá zvykem, aby politik zas... | Emily v Paříži/ Emily in Paris | 1 | |
| 3. | Minulý týden jsme se dozvěděli... | Kanye West, Bianca Censori | 0 | |
| 4. | Nápad vědců z brněnské Mendelo... | B) mangové pecky | 1 | |
| 5. | Který obrovsky úspěšný sportov... | Rafael Nadal | 1 | |
| 6. | Hned na začátku tohoto tématu... | pekanové (0,5 b.), makadamové (1 b.) | 1 | |
| 7. | V úryvku textu populární české... | Skořápky ořechů, Marie Rottrová | 0 | |
| 8. | Jak se jedním kratším slovem n... | gola | 1 | |
| 9. | Arašídové (též burákové) máslo... | křupavé (crunchy) | 1 | |
| 10. | Který z těchto výroků o pohádc... | A | 0 |